000 00804pam a2200253 i 4500
001 2283444
003 ARRUPE
005 20160927104507.0
008 791105s1980 gau b 001 0 eng
010 _a 79091241
040 _aDLC
_cDLC
_dDLC
050 0 0 _aBV2063.B65 1980
082 0 0 _a266/.001
_219
100 1 _aBosch, David Jacobus.
_926242
245 1 0 _aWitness to the world :
_bthe Christian mission in theological perspective /
_cDavid J. Bosch.
260 _aAtlanta :
_bJohn Knox Press,
_c1980.
300 _ax, 277 p. ;
_c23 cm.
440 0 _aNew foundations theological library
_926243
500 _aIncludes indexes.
504 _aBibliography: p. [264]-266.
650 0 _aMissions
_xTheory.
_926244
906 _a7
_bcbc
_corignew
_d1
_eopcn
_f19
_gy-gencatlg
942 _2lcc
_cMONOGRAPH
999 _c125365
_d125365